00360 2200157 4500245003300000250001100033100001900044700001900063650001600082005001900098260002800117041001400145084000800159300002600167336000900193 aMaddahcRisa SaraswatihText aCet. 1 aRisa Saraswati aMaria M. Lubis aNovel Horor a20230929135714 aJakartabRak Bukuc2015 aIndonesia a813 ax, 330 hlm. :c20 cm. atext